Návrh prípravku pre prácu s nástrojovým upínačom HSK32
Enregistré dans:
| Auteur principal: | |
|---|---|
| Autres auteurs: | |
| Format: | Manuscrit Livre |
| Langue: | slovaque |
| Publié: |
2017
|
| Sujets: | |
| Accès en ligne: | http://is.stuba.sk/zp/portal_zp.pl?podrobnosti=112671 |
| Tags: |
Pas de tags, Soyez le premier à ajouter un tag!
|
MARC
| LEADER | 00000ntm a22000003a 4500 | ||
|---|---|---|---|
| 001 | stuzp62435 | ||
| 003 | SK-STU | ||
| 005 | 20170624211538.4 | ||
| 007 | ta | ||
| 008 | 150427s2015----xo-----f-mn---000-0-slo-d | ||
| 040 | |a STU |b slo | ||
| 041 | 0 | |a slo | |
| 100 | 1 | |a Hrčka, Ľuboš |u 063000 |4 aut |U MTF Materiálovotechnologická fakulta |T MTF Ústav výrobných technológií |X 65657 |U M3000 |Y 83 |7 65657 | |
| 242 | 0 | 1 | |a Design of fixture for work with tool holder HSK32 |y eng |
| 245 | 1 | 0 | |a Návrh prípravku pre prácu s nástrojovým upínačom HSK32 |
| 260 | |c 2017 | ||
| 650 | 4 | |a prípravok |2 slo | |
| 650 | 4 | |a nástrojový upínač |2 slo | |
| 650 | 4 | |a CAD model |2 slo | |
| 650 | 4 | |a CAM |2 slo | |
| 650 | 4 | |a upínanie |2 slo | |
| 650 | 4 | |a clamping |2 eng | |
| 650 | 4 | |a fixture |2 eng | |
| 650 | 4 | |a CAM |2 eng | |
| 650 | 4 | |a tool holder |2 eng | |
| 650 | 4 | |a CAD model |2 eng | |
| 700 | 1 | |a Necpal, Martin |u 063600 |k Z1 |4 ths |U MTF Ústav výrobných technológií |T MTF Katedra obrábania a tvárnenia |X 20985 |U M3600 |Y 841 |7 A000020985 | |
| 856 | 4 | |u http://is.stuba.sk/zp/portal_zp.pl?podrobnosti=112671 | |
| 996 | |c M* BP-8091 |l MMSKP |s P |a 0 |w stuzp62435_0001 | ||